|
|
|
|
| LEADER |
02099nam a22004097i 4500 |
| 001 |
44640 |
| 003 |
BD-DhAAL |
| 005 |
20250828102923.0 |
| 008 |
250828t2015 nyua 001 0 eng d |
| 010 |
|
|
|a 2014932200
|
| 020 |
|
|
|a 9780465036677
|
| 020 |
|
|
|a 9780141977812
|
| 020 |
|
|
|a 0465036678
|
| 020 |
|
|
|z 9780465080618 (ebook)
|
| 020 |
|
|
|z 0465080618 (ebook)
|
| 035 |
|
|
|a 18026045
|
| 035 |
|
|
|a (OCoLC)853310551
|
| 040 |
|
|
|a YDXCP
|b eng
|c YDXCP
|e rda
|d BTCTA
|d BDX
|d MLY
|d CGP
|d LIV
|d YBM
|d LPL
|d ABG
|d DAC
|d CDX
|d GO3
|d OBE
|d DLC
|d BD-DhAAL
|
| 042 |
|
|
|a lccopycat
|
| 050 |
0 |
0 |
|a QC174.123
|b .S87 2014
|
| 082 |
0 |
4 |
|a 530.12
|2 23
|
| 100 |
1 |
|
|a Susskind, Leonard.
|9 59190
|
| 245 |
1 |
0 |
|a Quantum mechanics :
|b the theoretical minimum /
|c Leonard Susskind and Art Friedman.
|
| 260 |
|
|
|a London :
|b Penguin Books,
|c 2015.
|
| 300 |
|
|
|a xx, 364 pages :
|b illustrations ;
|c 22 cm
|
| 490 |
1 |
|
|a Theoretical minimum ;
|v second volume
|
| 500 |
|
|
|a Includes index.
|
| 505 |
0 |
|
|a Systems and experiments -- Quantum states -- Principles of quantum mechanics -- Time and change -- Uncertainty and time dependence -- Combining systems : entanglement -- More on entanglement -- Particles and waves -- Particle dynamics -- The harmonic oscillator.
|
| 520 |
|
|
|a Explains the theory and associated mathematics of quantum mechanics, discussing topics ranging from uncertainty and time dependence to particle and wave states.--
|
| 541 |
|
|
|a Donated by Farhana Zahir, Assistant Professor, BRAC Business School
|e 44640
|
| 650 |
|
0 |
|a Quantum theory
|v Popular works.
|9 59191
|
| 650 |
|
0 |
|a Computer science.
|
| 700 |
1 |
|
|a Friedman, Art.
|9 59192
|
| 800 |
1 |
|
|a Susskind, Leonard.
|t Theoretical minimum ;
|v v. II.
|9 59193
|
| 942 |
|
|
|2 ddc
|c BK
|
| 999 |
|
|
|c 47420
|d 47420
|
| 952 |
|
|
|0 0
|1 0
|2 ddc
|4 0
|6 530_120000000000000_SUS
|7 0
|9 78053
|a BRACUL
|b BRACUL
|c GEN
|d 2025-08-28
|e Donated by Farhana Zahir, Assistant Professor, BRAC Business School, BRAC University
|g 590.00
|l 2
|o 530.12 SUS
|p 3010044640
|q 2026-06-02
|r 2026-05-17
|s 2026-05-17
|t 1
|v 1180.00
|w 2025-08-28
|y BK
|x Donated by Farhana Zahir, Assistant Professor, BRAC Business School, BRAC University
|